Statistics for Countries in the Middle

Click here to take the quiz!

General Stats

  • This quiz has been taken 99 times
    (80 since last reset)
  • The average score is 21 of 24

Answer Stats

Countries% Correct
Argentina, {Uruguay}, Brazil
97%
Colombia, {Panama}, Costa Rica
96%
Argentina, {Paraguay}, Brazil
95%
China, {Mongolia}, Russia
95%
Israel, {Egypt}, Sudan
95%
Argentina, {Bolivia}, Brazil
92%
Iraq, {Iran}, Pakistan
92%
Spain, {Andorra}, France
92%
Bhutan, {India}, Bangladesh
90%
Burma, {Thailand}, Malaysia
90%
Brunei, {Malaysia}, Indonesia
89%
Ghana, {Togo}, Benin
89%
France, {Suriname}, Guyana
88%
Mali, {Senegal}, Gambia
88%
Greece, {Albania}, Montenegro
86%
Honduras, {Costa Rica}, Panama
86%
Russia, {Poland}, Czech Republic
86%
Switzerland, {Liechtenstein}, Austria
86%
Tanzania, {Kenya}, Somalia
86%
Norway, {Russia}, Ukraine
85%
Tajikistan, {Afghanistan}, Iran
85%
Sierra Leone, {Liberia}, Côte d'Ivoire
84%
Zimbabwe, {Zambia}, Angola
82%
Algeria, {Niger}, Benin
81%

Score Distribution

Percentile by Number Answered

Percent of People with Each Score

Your Score History

You have not taken this quiz since the last reset